00386nam a2200157Ia 450000100060000000800410000602000180004704000130006508200230007810000210010124500670012226000090018930000110019854600070020965000120021610975140331s9999 xx 000 0 und d a0-02-860013-4 cPK-LaUMT aR 331.25922bGIL-I aGilbert, Sara D. aInternships : A directory for career-finderscGilbert, Sara D. c1995 a426 p. aEN aCollege